00624nam a2200169 a 4500008004100000020001500041050002200056100002100078245004100099260002900140300001400169350000900183650001500192995009200207999001700299952013800316120416s1968 ||||||||||||||||| || u a0140600086 aB 945. M298N4 Mar aMarcuse, Herbert10aNegations: essays in critical theory aLondonbAllen Lanec1968 axx, 250p. a0.00 aPHILOSOPHY D0.00FCBU-MAIN LIBRARY (Kitwe)H1I5.00UAVAILABLEZMain Library Open Access Collection c52046d52046 00102lcc4070a001b001cMain Library Open Access Collectiond2022-11-30l0oB 945. M298N4 Marp000927r2022-11-30w2022-11-30y002